| 000 | 00620nam a2200265Ia 4500 | ||
|---|---|---|---|
| 003 | OSt | ||
| 005 | 20231110092503.0 | ||
| 008 | 210210b1932 xxu||||| |||| 00| 0 eng d | ||
| 040 | _cAL | ||
| 041 | _aeng | ||
| 082 | _a330/394 | ||
| 100 |
_aSEN (M) _9141405 |
||
| 245 | _aOutlines of economics Part I and II | ||
| 260 |
_aCalcutta _b- _c1932 |
||
| 650 |
_aPart _9141406 |
||
| 650 |
_aOutlines _9141407 |
||
| 650 |
_aof _9141408 |
||
| 650 |
_aII _9141409 |
||
| 650 |
_aI _9141410 |
||
| 650 |
_aeconomics _9141411 |
||
| 650 |
_aand _9141412 |
||
| 690 |
_aEconomics _9141413 |
||
| 906 | _a003797 | ||
| 942 |
_2ddc _cBK |
||
| 999 |
_c120944 _d120944 |
||